Opinion de la presse sur la Guerre entre le Chili, le Pérou et la Bolivie

Uloženo v:
Podrobná bibliografie
Korporace: Le National (Autor), Le Figaro (Autor), La France (Autor), Revue Politique et litteraire (Autor)
Médium: Kniha
Jazyk:francouzština
Vydáno: París Imprimerie Nouvelle, 14 rue des Jeuneurs 1879
Vydání:1a. ed
Témata:
Tagy: Přidat tag
Žádné tagy, Buďte první, kdo vytvoří štítek k tomuto záznamu!

MARC

LEADER 00000nam a2200000 a 4500
001 UCJ5213
003 CL-VaPUC
008 070124e18790000FR |||||||||||||||||fre|d
082 0 4 |a 983  |b LEN  |2 21 
110 2 |a Le National  |e author  |9 510112 
710 2 |a Le Figaro  |e author  |9 510113 
710 2 |a La France  |e author  |9 510114 
710 2 |a Revue Politique et litteraire  |e author  |9 510115 
245 1 0 |a Opinion de la presse sur la Guerre entre le Chili, le Pérou et la Bolivie 
250 |a 1a. ed 
300 |a 80 p 
942 |c BK 
945 |d 20070124 00:00:00  |a rinostro 
260 |a París  |b Imprimerie Nouvelle, 14 rue des Jeuneurs  |c 1879 
500 |a Empastado junto a otras monografías relativas al tema en un volumen rotulado Alexandre Fierro, la guerre entre...; ubicación 983 FIE 
650 0 |a Guerra del Pacífico  |9 314886 
650 0 |a Prensa y periodismo   |z Chile  |9 504409 
650 0 |a Historia de Chile  |9 265473 
583 |a last modification  |c 20070124 00:00:00  |k Rodrigo Vera 
999 |c 321326  |d 321324 
952 |0 0  |1 0  |4 0  |6 983_000000000000000_LEN_1879  |7 0  |8 X  |9 400037  |a FDOBUD  |b FDOBUD  |d 2019-11-22  |i 1031287  |o 983 LEN 1879  |p 1031287  |r 2019-11-22  |w 2019-11-22  |y BK_X  |k BUD